Introduction to Computers : Fundamentals of computer science /

Bibliographische Detailangaben
1. Verfasser: Subramanian, N
Format: Buch
Sprache:English
Veröffentlicht: New Delhi : Tata Mc Graw-Hill ltd., c1986.[Reprinted 1996]
Schlagworte:
Classic Catalogue: View this record in Classic Catalogue
LEADER 00864nam a2200217 a 4500
001 00012363
008 101204r19961986ii a b 001 0 eng
020 |a 0074519506 
040 |a BD-DhAAL  |c BD-DhAAL 
082 0 0 |a 004  |2 21 
100 1 |a Subramanian, N 
245 1 0 |a Introduction to Computers :  |b  Fundamentals of computer science /  |c N Subramanian. 
260 |a New Delhi :  |b Tata Mc Graw-Hill ltd.,   |c c1986.[Reprinted 1996] 
300 |a iv, 239 p. :  |b ill. ;  |c 25 cm. 
362 |a vol.1. 
504 |a Includes bibliographical references and index. 
541 1 |e 00012363 
650 0 |a Computer scince. 
852 4 |a Ayesha Abed library  |j General Shelf. 
999 |c 10222  |d 10222 
952 |0 0  |1 0  |2 ddc  |4 0  |6 004_000000000000000_SUB  |7 0  |9 13637  |a BRACUL  |b BRACUL  |c GEN  |d 2010-12-15  |l 12  |m 38  |o 004 SUB  |p 3010012363  |r 2025-03-02  |s 2025-02-24  |t 1  |w 2010-12-15  |y BK  |x Price not available in Register